La fetichización de la autonomía universitaria en Centro América

Збережено в:
Бібліографічні деталі
Автор: González, Vinicio
Формат: Текст
Опубліковано: San José: CSUCA
Теги: Додати тег
Немає тегів, Будьте першим, хто поставить тег для цього запису!

MARC

LEADER 00000 a a2200000 04500
001 20374
003
040
090 |a 085000  
100 |a González, Vinicio  
245 |a La fetichización de la autonomía universitaria en Centro América  
260 |a San José:   |b CSUCA  
300 |a 44 p.  
999 |c 13984  |d 13984